000 00613pam a2200241 a 4500
001 3805414
005 20180302033031.0
008 850712s1986 nyua b 001 0 eng c
010 _a 85016910
020 _a047182187X
040 _aDNLM/DLC
_cDLC
_dDLC
041 _aeng
043 _an-us---
060 _aWA 546 AA1 O14c
080 _a363.8809
082 0 0 _a363.8809 OBE
_219
100 1 _a10
101 _aSHU
245 1 0 _aCommunity nutrition /
_cJessie Craig Obert.
504 _aIncludes bibliographies and index.
906 _a7
_bcbc
_corignew
_d1
_eocip
_f19
_gy-gencatlg
942 _2ddc
_cBK
999 _c43913
_d43913